[Event "Syre Memorial op 33th"]
[Site "Issy les Moulineaux"]
[Date "2010.05.14"]
[Round "2"]
[White "Glicenstein, Asher"]
[Black "Onkoud, Abdelaziz"]
[Result "1-0"]
[WhiteElo "2159"]
[BlackElo "2377"]
[PlyCount "54"]
[EventDate "2010.05.13"]
[EventType "swiss"]
[EventRounds "6"]
[EventCountry "FRA"]
[SourceTitle "EXT 2011"]
[Source "ChessBase"]
[SourceDate "2010.11.26"]
[SourceVersion "1"]
[SourceVersionDate "2010.11.26"]
[SourceQuality "1"]

1. e4 c5 2. Nf3 d6 3. d4 cxd4 4. Nxd4 Nf6 5. Nc3 g6 6. f3 Bg7 7. Be3 0-0 8. Qd2 Nc6 9. 0-0-0 d5 10. exd5 Nxd5 11. Nxc6 bxc6 12. Nxd5 cxd5 13. Qxd5 Qc7 14. Qc5 Qb8 15. c3 Be6 16. Qa5 Qb7 17. Bd3 Rab8 18. Rd2 Rfc8 19. Be4 Qb5 20. Qxb5 Rxb5 21. Rhd1 f5 22. Bd5 Kf7 23. Bxe6+ Kxe6 24. Rd7 a5 25. Ra7 Bf6 26. g4 Re5 27. Rd3 g5 1-0

[Event "Ciutadella Pons Memorial"]
[Site "Ciutadella"]
[Date "2009.01.04"]
[Round "9"]
[White "Glicenstein, Asher"]
[Black "Pons Sastre, Santiago"]
[Result "0-1"]
[WhiteElo "2225"]
[BlackElo "2378"]
[PlyCount "44"]
[EventDate "2008.12.27"]
[EventType "tourn"]
[EventRounds "9"]
[EventCountry "ESP"]
[EventCategory "3"]
[SourceTitle "CBM 128 Extra"]
[Source "ChessBase"]
[SourceDate "2009.03.05"]
[SourceVersion "2"]
[SourceVersionDate "2009.03.25"]
[SourceQuality "1"]

1. d4 d5 2. c4 c6 3. Nc3 e6 4. e3 Nf6 5. Nf3 Nbd7 6. Bd3 Bd6 7. e4 dxe4 8. Nxe4 Nxe4 9. Bxe4 c5 10. 0-0 0-0 11. b3 Qc7 12. Bb2 cxd4 13. Qxd4 e5 14. Qe3 Nf6 15. Bc2 Re8 16. Nh4 Qb6 17. Qxb6 axb6 18. Rfe1 g6 19. h3 Nh5 20. a4 f6 21. Nxg6 Bb4 22. Re2 hxg6 0-1

[Event "Ciutadella Pons Memorial"]
[Site "Ciutadella"]
[Date "2009.01.03"]
[Round "8"]
[White "Cubas Pons, Juan Miguel"]
[Black "Glicenstein, Asher"]
[Result "1-0"]
[WhiteElo "2240"]
[BlackElo "2225"]
[PlyCount "101"]
[EventDate "2008.12.27"]
[EventType "tourn"]
[EventRounds "9"]
[EventCountry "ESP"]
[EventCategory "3"]
[SourceTitle "CBM 128 Extra"]
[Source "ChessBase"]
[SourceDate "2009.03.05"]
[SourceVersion "2"]
[SourceVersionDate "2009.03.25"]
[SourceQuality "1"]

1. d4 d5 2. Nf3 Nf6 3. c4 c6 4. Qc2 dxc4 5. Qxc4 Bf5 6. g3 e6 7. Bg2 Be7 8. 0-0 0-0 9. Nc3 Nbd7 10. Re1 Ne4 11. Qb3 Nb6 12. a4 Nxc3 13. bxc3 Qd5 14. Qb2 Be4 15. a5 Nc4 16. Qxb7 Bd6 17. Qb3 Rfb8 18. Qa2 Rb5 19. Nd2 Nxd2 20. Bxd2 Qxa2 21. Rxa2 Bd5 22. c4 Bxc4 23. Bxc6 Bxa2 24. Bxb5 Rb8 25. Bd3 Bb4 26. Bxb4 Rxb4 27. Rc1 g6 28. a6 Rxd4 29. Rc7 Bb1 30. Bxb1 Rd1+ 31. Kg2 Rxb1 32. Rxa7 Ra1 33. g4 g5 34. Kg3 Kg7 35. Ra8 h6 36. Kf3 Ra2 37. Ke3 Ra3+ 38. Kd2 Kf6 39. Kc2 Ke5 40. Kb2 Ra5 41. Kb3 Kd6 42. Kb4 Ra2 43. e3 Kc6 44. Rf8 Rxa6 45. Rxf7 Ra2 46. Kc4 Kd6 47. h3 Ra4+ 48. Kd3 h5 49. f4 gxf4 50. Rxf4 Ra3+ 51. Ke4 1-0

[Event "Ciutadella Pons Memorial"]
[Site "Ciutadella"]
[Date "2008.12.29"]
[Round "4"]
[White "Alonso Garcia, Rene Marcial"]
[Black "Glicenstein, Asher"]
[Result "1-0"]
[WhiteElo "2368"]
[BlackElo "2225"]
[PlyCount "69"]
[EventDate "2008.12.27"]
[EventType "tourn"]
[EventRounds "9"]
[EventCountry "ESP"]
[EventCategory "3"]
[SourceTitle "CBM 128 Extra"]
[Source "ChessBase"]
[SourceDate "2009.03.05"]
[SourceVersion "2"]
[SourceVersionDate "2009.03.25"]
[SourceQuality "1"]

1. d4 d5 2. c4 c6 3. e3 Nf6 4. Nc3 e6 5. Nf3 Nbd7 6. Qc2 Bd6 7. b3 0-0 8. Be2 a6 9. 0-0 b6 10. e4 dxe4 11. Ng5 Qc7 12. h3 c5 13. Be3 cxd4 14. Bxd4 e5 15. Be3 h6 16. Ngxe4 Be7 17. Bf3 Bb7 18. Nxf6+ Nxf6 19. Bxb7 Qxb7 20. Na4 Nd7 21. Rfd1 Rad8 22. Nc3 f5 23. Nd5 Bc5 24. Bxc5 Nxc5 25. b4 Ne6 26. Qb2 e4 27. Qe5 Rde8 28. Qd6 b5 29. c5 Nd8 30. Nc7 Nf7 31. Qb6 Qxb6 32. cxb6 Rb8 33. Nd5 Ne5 34. a4 Nc4 35. a5 1-0

[Event "Ciutadella Pons Memorial"]
[Site "Ciutadella"]
[Date "2008.12.29"]
[Round "3"]
[White "Glicenstein, Asher"]
[Black "Pons Carreras, David"]
[Result "0-1"]
[WhiteElo "2225"]
[BlackElo "2288"]
[PlyCount "154"]
[EventDate "2008.12.27"]
[EventType "tourn"]
[EventRounds "9"]
[EventCountry "ESP"]
[EventCategory "3"]
[SourceTitle "CBM 128 Extra"]
[Source "ChessBase"]
[SourceDate "2009.03.05"]
[SourceVersion "2"]
[SourceVersionDate "2009.03.25"]
[SourceQuality "1"]

1. d4 Nf6 2. c4 e6 3. Nc3 Bb4 4. e3 0-0 5. Bd3 d5 6. Nf3 c5 7. 0-0 cxd4 8. exd4 dxc4 9. Bxc4 b6 10. Qe2 Bb7 11. Rd1 Bxc3 12. bxc3 Qc7 13. Ne5 Nbd7 14. Nxd7 Nxd7 15. Bb2 Rac8 16. Bb5 Bd5 17. a4 Nf6 18. Ra3 Bc4 19. Bxc4 Qxc4 20. Qxc4 Rxc4 21. Rd3 Rd8 22. f4 Rd5 23. a5 Rxa5 24. Rxa5 bxa5 25. Rd1 Nd5 26. Ra1 a4 27. g3 Nxc3 28. Bxc3 Rxc3 29. Rxa4 Rc7 30. Ra5 Kf8 31. d5 exd5 32. Rxd5 a6 33. Ra5 Rc6 34. Kf2 Ke7 35. Ke3 Kd7 36. Kd4 Kc7 37. Kd5 Rh6 38. Ra2 Rh5+ 39. Kc4 Kb6 40. Re2 Rc5+ 41. Kb3 Rc7 42. Re8 Ra7 43. Rc8 Kb5 44. Rb8+ Kc5 45. Rd8 Re7 46. Ra8 Re3+ 47. Ka4 Re6 48. Ra7 Rf6 49. Rd7 Kc4 50. Ka5 h5 51. Rd8 Kc5 52. Ra8 g6 53. Rd8 Kc6 54. Rd2 Kc7 55. Rd5 Re6 56. Rd2 Rc6 57. Rd5 f5 58. Re5 Kd6 59. Re8 Kd5 60. Re5+ Kd4 61. Re8 Rd6 62. Re2 Kc4 63. Re8 Kd5 64. Re5+ Kd4 65. Re8 Rc6 66. Re2 Kd3 67. Re1 Kd4 68. Re2 Kd5 69. Re5+ Kd6 70. Re8 Kd7 71. Ra8 Ke6 72. Re8+ Kd6 73. Ra8 Kd5 74. Re8 Re6 75. Rc8 Ke4 76. Rc3 Rd6 77. Rb3 h4 0-1

[Event "Ciutadella Pons Memorial"]
[Site "Ciutadella"]
[Date "2008.12.28"]
[Round "2"]
[White "Karim, Ismael"]
[Black "Glicenstein, Asher"]
[Result "1-0"]
[WhiteElo "2392"]
[BlackElo "2225"]
[PlyCount "55"]
[EventDate "2008.12.27"]
[EventType "tourn"]
[EventRounds "9"]
[EventCountry "ESP"]
[EventCategory "3"]
[SourceTitle "CBM 128 Extra"]
[Source "ChessBase"]
[SourceDate "2009.03.05"]
[SourceVersion "2"]
[SourceVersionDate "2009.03.25"]
[SourceQuality "1"]

1. e4 c5 2. Nf3 d6 3. Nc3 a6 4. d4 cxd4 5. Nxd4 Nf6 6. f3 e5 7. Nb3 Be6 8. Be3 Be7 9. Qd2 0-0 10. 0-0-0 Nbd7 11. g4 b5 12. g5 b4 13. Ne2 Ne8 14. f4 a5 15. f5 a4 16. Nbd4 exd4 17. Nxd4 b3 18. Kb1 bxc2+ 19. Nxc2 Bb3 20. axb3 axb3 21. Na3 Ra4 22. Bb5 Rxe4 23. f6 gxf6 24. gxf6 Ndxf6 25. Bh6 Kh8 26. Bxf8 Bxf8 27. Rhe1 Qa8 28. Qc3 1-0

[Event "Syre Memorial op 31st"]
[Site "Issy les Moulineaux"]
[Date "2008.05.04"]
[Round "2"]
[White "Glicenstein, Asher"]
[Black "Barbelenet, Frederic"]
[Result "0-1"]
[WhiteElo "2258"]
[BlackElo "1960"]
[PlyCount "66"]
[EventDate "2008.05.01"]
[EventType "swiss"]
[EventRounds "6"]
[EventCountry "FRA"]
[SourceTitle "EXT 2010"]
[Source "ChessBase"]
[SourceDate "2010.11.25"]
[SourceVersion "1"]
[SourceVersionDate "2010.11.25"]
[SourceQuality "1"]

1. d4 d5 2. c4 e6 3. Nc3 c5 4. cxd5 exd5 5. Nf3 Nc6 6. g3 Nf6 7. Bg2 Be7 8. 0-0 0-0 9. Bg5 cxd4 10. Nxd4 h6 11. Be3 Re8 12. Qa4 Bd7 13. Rfd1 Nb4 14. Qb3 a5 15. Rd2 a4 16. Qd1 a3 17. Nb3 Bc6 18. Bd4 axb2 19. Rxb2 Ra3 20. Qc1 Ne4 21. Nb1 Ra8 22. a3 Na6 23. f3 Ng5 24. Rd2 Ne6 25. Bf2 Bf6 26. Raa2 d4 27. e3 Bd5 28. Qd1 Qb6 29. Nxd4 Bxa2 30. Rxa2 Rad8 31. Rd2 Nac5 32. Kh1 Na4 33. f4 Be7 0-1

[Event "FRA-chT1A 0708"]
[Site "France"]
[Date "2007.12.16"]
[Round "5.2"]
[White "Glicenstein, Asher"]
[Black "Firman, Nazar"]
[Result "1/2-1/2"]
[WhiteElo "2250"]
[BlackElo "2526"]
[PlyCount "43"]
[EventDate "2007.10.21"]
[EventType "team"]
[EventRounds "11"]
[EventCountry "FRA"]
[SourceTitle "EXT 2009"]
[Source "ChessBase"]
[SourceDate "2008.11.26"]
[SourceVersion "1"]
[SourceVersionDate "2008.11.26"]
[SourceQuality "1"]
[WhiteTeam "Chess XV"]
[BlackTeam "Migne Auxances"]
[WhiteTeamCountry "FRA"]
[BlackTeamCountry "FRA"]

1. d4 Nf6 2. c4 e6 3. Nf3 c5 4. d5 b5 5. Bg5 exd5 6. cxd5 d6 7. e4 a6 8. a4 Be7 9. Nbd2 0-0 10. Bxf6 Bxf6 11. axb5 Bxb2 12. Ra2 Bc3 13. Be2 Bb7 14. Qb3 Bb4 15. 0-0 axb5 16. Bxb5 Rxa2 17. Qxa2 Bc8 18. h3 Qf6 19. Qb3 Nd7 20. Bc4 Rd8 21. Qa4 Nf8 22. Nb3 1/2-1/2

[Event "FRA-chT1B 0607"]
[Site "France"]
[Date "2007.01.20"]
[Round "5.2"]
[White "Glicenstein, Asher"]
[Black "Hinks Edwards, Thomas RJ"]
[Result "1/2-1/2"]
[WhiteElo "2278"]
[BlackElo "2363"]
[PlyCount "55"]
[EventDate "2006.10.15"]
[EventType "team"]
[EventRounds "11"]
[EventCountry "FRA"]
[SourceTitle "EXT 2008"]
[Source "ChessBase"]
[SourceDate "2007.11.25"]
[SourceVersion "1"]
[SourceVersionDate "2007.11.25"]
[SourceQuality "1"]
[WhiteTeam "Paris Chess Club II"]
[BlackTeam "Avignon"]
[WhiteTeamCountry "FRA"]
[BlackTeamCountry "FRA"]

1. e4 c5 2. Nf3 d6 3. d4 Nf6 4. Nc3 cxd4 5. Nxd4 a6 6. Qf3 g6 7. h3 Bg7 8. Be3 Nc6 9. 0-0-0 Nxd4 10. Bxd4 Be6 11. Qe3 b5 12. e5 dxe5 13. Bb6 Qb8 14. Rd8+ Qxd8 15. Bxd8 Rxd8 16. a3 0-0 17. Be2 Rd4 18. Rd1 Rfd8 19. Qxe5 Nd5 20. Qxd4 Bxd4 21. Rxd4 Rd7 22. Nxd5 Bxd5 23. Bf3 e6 24. Bxd5 exd5 25. a4 Kf8 26. axb5 axb5 27. Rb4 Rb7 28. Rd4 1/2-1/2

[Event "Paris Multicoms-B"]
[Site "Paris"]
[Date "2006.12.17"]
[Round "5"]
[White "Strugnell, Carl"]
[Black "Glicenstein, Asher"]
[Result "0-1"]
[WhiteElo "2233"]
[BlackElo "2278"]
[PlyCount "122"]
[EventDate "2006.12.13"]
[EventType "tourn"]
[EventRounds "9"]
[EventCountry "FRA"]
[EventCategory "4"]
[SourceTitle "CBM 115 Extra"]
[Source "ChessBase"]
[SourceDate "2007.01.10"]
[SourceVersion "1"]
[SourceVersionDate "2007.01.10"]
[SourceQuality "1"]

1. e4 c5 2. Nf3 Nc6 3. d4 cxd4 4. Nxd4 e5 5. Nb5 a6 6. Nd6+ Bxd6 7. Qxd6 Qf6 8. Qd1 Qg6 9. Nc3 Nge7 10. h4 h5 11. Be3 d5 12. exd5 Nb4 13. Bd3 Nxd3+ 14. Qxd3 Bf5 15. Qd2 Qxg2 16. 0-0-0 Qf3 17. d6 Rd8 18. Bb6 Rd7 19. Na4 Nc8 20. Bc7 Qc6 21. Nc3 0-0 22. Qd5 Qxd5 23. Nxd5 Kh8 24. Ne3 Be4 25. Rhg1 f6 26. c4 Rff7 27. Bb8 Rf8 28. b3 Re8 29. c5 b6 30. cxb6 Nxb6 31. Bc7 Na8 32. Ba5 Rc8+ 33. Kb2 Rc5 34. Nc4 Bd5 35. b4 Rxc4 36. Rxd5 Nb6 37. Kb3 Rc6 38. Bxb6 Rxb6 39. Rgd1 Kg8 40. a4 Kf7 41. b5 axb5 42. a5 Rb8 43. Kb4 Ke6 44. Rxb5 Ra8 45. Rb6 g5 46. hxg5 fxg5 47. a6 h4 48. Kb5 g4 49. Rb7 h3 50. Kb6 e4 51. Rxd7 Kxd7 52. Rh1 Kxd6 53. Kb7 Rxa6 54. Kxa6 Ke5 55. Kb5 Kf4 56. Kc4 e3 57. Kd3 exf2 58. Ke2 Kg3 59. Kf1 h2 60. Ke2 Kg2 61. Rf1 g3 0-1

[Event "Paris Multicoms-B"]
[Site "Paris"]
[Date "2006.12.15"]
[Round "3"]
[White "Inkiov, Ventzislav"]
[Black "Glicenstein, Asher"]
[Result "1-0"]
[WhiteElo "2523"]
[BlackElo "2278"]
[PlyCount "37"]
[EventDate "2006.12.13"]
[EventType "tourn"]
[EventRounds "9"]
[EventCountry "FRA"]
[EventCategory "4"]
[SourceTitle "CBM 115 Extra"]
[Source "ChessBase"]
[SourceDate "2007.01.10"]
[SourceVersion "1"]
[SourceVersionDate "2007.01.10"]
[SourceQuality "1"]

1. e4 c5 2. Nf3 Nc6 3. d4 cxd4 4. Nxd4 Qc7 5. Nc3 e6 6. g3 Nf6 7. Ndb5 Qb8 8. Bf4 Ne5 9. Be2 a6 10. Qd4 d6 11. 0-0-0 axb5 12. Bxe5 b4 13. Nb5 Nxe4 14. Qxe4 dxe5 15. Qc4 Ra4 16. Nc7+ Ke7 17. f4 f5 18. fxe5 b5 19. Qc6 1-0

[Event "FRA-chT1B 0607"]
[Site "France"]
[Date "2006.11.06"]
[Round "3.2"]
[White "Claverie, Christophe"]
[Black "Glicenstein, Asher"]
[Result "1-0"]
[WhiteElo "2314"]
[BlackElo "2278"]
[PlyCount "62"]
[EventDate "2006.10.15"]
[EventType "team"]
[EventRounds "11"]
[EventCountry "FRA"]
[SourceTitle "EXT 2008"]
[Source "ChessBase"]
[SourceDate "2007.11.25"]
[SourceVersion "1"]
[SourceVersionDate "2007.11.25"]
[SourceQuality "1"]
[WhiteTeam "Besancon TPG"]
[BlackTeam "Paris Chess Club II"]
[WhiteTeamCountry "FRA"]
[BlackTeamCountry "FRA"]

1. d4 c5 2. d5 d6 3. c4 e6 4. Nc3 exd5 5. cxd5 Be7 6. Nf3 a6 7. a4 Bg4 8. Qb3 Bxf3 9. gxf3 Qc7 10. Rg1 g6 11. f4 Nd7 12. e3 f5 13. Qc2 Nh6 14. b3 Bf6 15. Bb2 0-0 16. Bc4 Bg7 17. h3 Rae8 18. Kf1 Qd8 19. Qe2 Qh4 20. Qf3 Nf6 21. Qg3 Qxg3 22. Rxg3 Ne4 23. Nxe4 Bxb2 24. Rb1 fxe4 25. Rxb2 a5 26. Re2 Rf5 27. f3 exf3 28. Rxf3 Rh5 29. e4 Rh4 30. Kg2 Kf7 31. Bd3 Ng8 1-0

[Event "FRA-chT2B 0506"]
[Site "France"]
[Date "2006.04.02"]
[Round "11.5"]
[White "Keller, Christophe"]
[Black "Glicenstein, Asher"]
[Result "1-0"]
[WhiteElo "2196"]
[BlackElo "2301"]
[PlyCount "48"]
[EventDate "2005.10.27"]
[EventType "team-tourn"]
[EventRounds "11"]
[EventCountry "FRA"]
[SourceTitle "EXT 2006"]
[Source "ChessBase"]
[SourceDate "2005.11.24"]
[SourceVersion "1"]
[SourceVersionDate "2005.11.24"]
[SourceQuality "1"]
[WhiteTeam "Clichy II"]
[BlackTeam "Paris NAO II"]
[WhiteTeamCountry "FRA"]
[BlackTeamCountry "FRA"]

1. e4 c5 2. Nc3 Nc6 3. f4 g6 4. Nf3 Bg7 5. Bb5 d6 6. Bxc6+ bxc6 7. d3 Nf6 8. 0-0 0-0 9. Qe1 Nd7 10. Kh1 c4 11. dxc4 Ba6 12. b3 d5 13. e5 dxc4 14. Rf2 Nc5 15. Be3 Ne6 16. Ne4 f6 17. Rd1 Qc7 18. Rfd2 Bc8 19. exf6 exf6 20. Nd6 cxb3 21. axb3 f5 22. Rd3 Kh8 23. Nxc8 Qxc8 24. Rd7 Re8 1-0

[Event "FRA-chT2B 0506"]
[Site "France"]
[Date "2005.11.20"]
[Round "3.3"]
[White "Jeanne, Mickael"]
[Black "Glicenstein, Asher"]
[Result "1/2-1/2"]
[WhiteElo "2186"]
[BlackElo "2306"]
[PlyCount "165"]
[EventDate "2005.10.27"]
[EventType "team-tourn"]
[EventRounds "11"]
[EventCountry "FRA"]
[SourceTitle "EXT 2006"]
[Source "ChessBase"]
[SourceDate "2005.11.24"]
[SourceVersion "1"]
[SourceVersionDate "2005.11.24"]
[SourceQuality "1"]
[WhiteTeam "Orcher La Tour II"]
[BlackTeam "Paris NAO II"]
[WhiteTeamCountry "FRA"]
[BlackTeamCountry "FRA"]

1. Nf3 c5 2. c4 g6 3. Nc3 Bg7 4. g3 Nc6 5. Bg2 e5 6. d3 Nge7 7. 0-0 0-0 8. Rb1 d5 9. cxd5 Nxd5 10. Ng5 Nde7 11. Nge4 b6 12. a3 a5 13. Nb5 h6 14. Bd2 a4 15. Nec3 Ra5 16. b4 axb3 17. Qxb3 Be6 18. Qc2 Ra6 19. Na4 Bd7 20. Nac3 Nf5 21. e3 Ra5 22. Rb2 Qb8 23. Rfb1 Rc8 24. Nd5 Nb4 25. axb4 Rxb5 26. Nc3 cxb4 27. Rxb4 Rxb4 28. Rxb4 Qd6 29. Qb1 Rb8 30. Ne4 Qc7 31. Rc4 Qa7 32. Bb4 Bb5 33. Rc3 Qd7 34. Bh3 Qd5 35. Bg2 Qd8 36. Ba3 Bd7 37. Rb3 Bc6 38. Bc5 b5 39. Nc3 Bxg2 40. Kxg2 Nd6 41. Nxb5 Nc8 42. Kg1 Qa5 43. d4 exd4 44. Bxd4 Bf8 45. Nc3 Rxb3 46. Qxb3 Ne7 47. Ne4 Nc6 48. Nf6+ Kg7 49. Bc3 Bb4 50. Bb2 Kf8 51. Nd5 Bd6 52. Qc4 Ne5 53. Qc8+ Kg7 54. Bxe5+ Bxe5 55. Ne7 Qa2 56. Qc6 Qd2 57. Kg2 Qe2 58. Qd5 Bc3 59. Nc8 Be1 60. Qe5+ Kg8 61. Qf6 Qc2 62. Nd6 Qb3 63. h4 Bb4 64. Qd8+ Kh7 65. Ne4 Qe6 66. Qd4 Be7 67. Nd2 Bf6 68. Qe4 Qd7 69. Nf3 Kg7 70. Nh2 Ba1 71. Qf3 Qb5 72. Ng4 h5 73. Nh2 Be5 74. Qe4 Bf6 75. Nf3 Qc5 76. Qf4 Qd5 77. e4 Qe6 78. e5 Be7 79. Ng5 Bxg5 80. hxg5 Qa2 81. Qf6+ Kg8 82. e6 Qd5+ 83. Qf3 1/2-1/2

[Event "FRA-chT2B 0506"]
[Site "France"]
[Date "2005.11.19"]
[Round "2.2"]
[White "Simon, Olivier"]
[Black "Glicenstein, Asher"]
[Result "1-0"]
[WhiteElo "2330"]
[BlackElo "2306"]
[PlyCount "61"]
[EventDate "2005.10.27"]
[EventType "team-tourn"]
[EventRounds "11"]
[EventCountry "FRA"]
[SourceTitle "EXT 2006"]
[Source "ChessBase"]
[SourceDate "2005.11.24"]
[SourceVersion "1"]
[SourceVersionDate "2005.11.24"]
[SourceQuality "1"]
[WhiteTeam "Pontoise"]
[BlackTeam "Paris NAO II"]
[WhiteTeamCountry "FRA"]
[BlackTeamCountry "FRA"]

1. e4 c5 2. Nf3 Nc6 3. Bb5 g6 4. 0-0 Bg7 5. c3 Nf6 6. Re1 0-0 7. h3 Ne8 8. Ba4 e5 9. Na3 a6 10. d3 Nc7 11. Be3 Ne6 12. Bb3 d6 13. Nc2 b5 14. Bd5 Bb7 15. d4 exd4 16. cxd4 cxd4 17. Nfxd4 Rc8 18. Nxc6 Bxc6 19. Bxc6 Rxc6 20. Nd4 Rc4 21. Nxe6 fxe6 22. Qg4 Qf6 23. b3 h5 24. Qg3 Rxe4 25. Qxd6 Qf5 26. Rad1 Be5 27. Qb6 Bc3 28. Rf1 a5 29. Rd8 Re5 30. Rxf8+ Qxf8 31. Rd1 1-0

[Event "Paris-ch"]
[Site "Paris"]
[Date "2005.07.16"]
[Round "8"]
[White "Calistri, Tristan"]
[Black "Glicenstein, Asher"]
[Result "1-0"]
[WhiteElo "2389"]
[BlackElo "2301"]
[PlyCount "69"]
[EventDate "2005.07.10"]
[EventType "swiss"]
[EventRounds "9"]
[EventCountry "FRA"]
[SourceTitle "CBM 107 Extra"]
[Source "ChessBase"]
[SourceDate "2005.09.01"]
[SourceVersion "1"]
[SourceVersionDate "2005.09.01"]
[SourceQuality "1"]

1. e4 c5 2. Nf3 Nc6 3. d4 cxd4 4. Nxd4 e5 5. Nb5 d6 6. c4 Be7 7. N1c3 a6 8. Na3 Nf6 9. Be2 Be6 10. Nc2 0-0 11. 0-0 Rc8 12. b3 b5 13. cxb5 axb5 14. Qd3 Qd7 15. Nd5 Nxd5 16. exd5 Bf5 17. dxc6 Rxc6 18. Qxb5 Bxc2 19. Bc4 Qc7 20. Be3 Be4 21. Bd5 Bxd5 22. Qxd5 Rc3 23. Rfc1 Rc8 24. g3 Qb8 25. Rxc3 Rxc3 26. Rc1 Rxc1+ 27. Bxc1 h6 28. Be3 Qb4 29. a4 Bd8 30. Bd2 Qb8 31. a5 Qa7 32. b4 Bc7 33. Qc6 Qd4 34. Be3 Qd1+ 35. Kg2 1-0

[Event "Paris-ch"]
[Site "Paris"]
[Date "2005.07.15"]
[Round "7"]
[White "Glicenstein, Asher"]
[Black "Chabanon, Jean Luc"]
[Result "1/2-1/2"]
[WhiteElo "2301"]
[BlackElo "2426"]
[PlyCount "50"]
[EventDate "2005.07.10"]
[EventType "swiss"]
[EventRounds "9"]
[EventCountry "FRA"]
[SourceTitle "CBM 107 Extra"]
[Source "ChessBase"]
[SourceDate "2005.09.01"]
[SourceVersion "1"]
[SourceVersionDate "2005.09.01"]
[SourceQuality "1"]

1. Nf3 Nf6 2. c4 e6 3. g3 d5 4. b3 d4 5. Bb2 c5 6. e3 Nc6 7. exd4 cxd4 8. Bg2 Bc5 9. 0-0 0-0 10. a3 a5 11. d3 Re8 12. Nbd2 h6 13. b4 axb4 14. Nb3 Bf8 15. axb4 Rxa1 16. Bxa1 e5 17. b5 Nb4 18. Ne1 Bg4 19. Qd2 Qd7 20. Nc2 Nxc2 21. Qxc2 Bh3 22. Qa2 h5 23. Bxh3 Qxh3 24. f3 g6 25. Qe2 Bh6 1/2-1/2

[Event "Paris-ch"]
[Site "Paris"]
[Date "2005.07.13"]
[Round "5"]
[White "Bakhmatov, Eduard"]
[Black "Glicenstein, Asher"]
[Result "0-1"]
[WhiteElo "2373"]
[BlackElo "2301"]
[PlyCount "33"]
[EventDate "2005.07.10"]
[EventType "swiss"]
[EventRounds "9"]
[EventCountry "FRA"]
[SourceTitle "CBM 107 Extra"]
[Source "ChessBase"]
[SourceDate "2005.09.01"]
[SourceVersion "1"]
[SourceVersionDate "2005.09.01"]
[SourceQuality "1"]

1. e4 c5 2. Nf3 Nc6 3. Bb5 g6 4. c3 Nf6 5. e5 Nd5 6. 0-0 Bg7 7. d4 cxd4 8. cxd4 0-0 9. Nc3 Nxc3 10. bxc3 d6 11. exd6 exd6 12. Ba3 Qc7 13. Qd2 Qa5 14. Qb2 Rd8 15. Nd2 Qc7 16. Rfe1 Bf5 17. Nf1 0-1

[Event "Paris-ch"]
[Site "Paris"]
[Date "2005.07.11"]
[Round "3"]
[White "Glicenstein, Asher"]
[Black "Abergel, Thal"]
[Result "0-1"]
[WhiteElo "2301"]
[BlackElo "2446"]
[PlyCount "90"]
[EventDate "2005.07.10"]
[EventType "swiss"]
[EventRounds "9"]
[EventCountry "FRA"]
[SourceTitle "CBM 107 Extra"]
[Source "ChessBase"]
[SourceDate "2005.09.01"]
[SourceVersion "1"]
[SourceVersionDate "2005.09.01"]
[SourceQuality "1"]

1. Nf3 d5 2. c4 d4 3. c5 e5 4. Nxe5 Bxc5 5. b4 Bb6 6. a4 c6 7. Nc4 Bc7 8. d3 Ne7 9. g3 Qd5 10. Rg1 0-0 11. Nbd2 Re8 12. Bb2 Na6 13. Bg2 Qe6 14. Bxd4 Nxb4 15. Kf1 Nf5 16. Bc3 Nd5 17. Bb2 Nd6 18. e4 Nxc4 19. Nxc4 Nb6 20. Ne3 Be5 21. d4 Bc7 22. Qc2 Qe7 23. Qc3 Nd7 24. f4 Nf6 25. e5 Ng4 26. Nxg4 Bxg4 27. h3 Be6 28. g4 Rad8 29. Be4 Bd5 30. Bc2 Qh4 31. Rd1 Rd7 32. Qe3 b5 33. Bc3 Qe7 34. f5 b4 35. Bb2 g6 36. g5 c5 37. e6 c4 38. Re1 fxe6 39. f6 Qd6 40. Bc1 Bb6 41. Rg4 c3 42. Bxg6 hxg6 43. Qd3 Kf7 44. Rh4 Rg8 45. Bf4 Qc6 0-1

[Event "GER-ch U18 int"]
[Site "Deizisau"]
[Date "2005.03.22"]
[Round "6"]
[White "Glicenstein, Asher"]
[Black "Braun, Arik"]
[Result "0-1"]
[WhiteElo "2293"]
[BlackElo "2463"]
[PlyCount "52"]
[EventDate "2005.03.18"]
[EventType "tourn"]
[EventRounds "9"]
[EventCountry "GER"]
[SourceTitle "EXT 2006"]
[Source "ChessBase"]
[SourceDate "2005.11.24"]
[SourceVersion "1"]
[SourceVersionDate "2005.11.24"]
[SourceQuality "1"]

1. Nf3 d5 2. d4 Nf6 3. c4 c6 4. Nc3 a6 5. c5 Bg4 6. Ne5 Bf5 7. e4 Bxe4 8. Nxe4 Nxe4 9. Qf3 Nf6 10. Bd3 e6 11. Bg5 Be7 12. 0-0 h6 13. Bf4 Nbd7 14. Qh3 Nxe5 15. Bxe5 0-0 16. Qg3 Ne8 17. f4 Bf6 18. Rf3 b6 19. Rc1 bxc5 20. Rxc5 Qb6 21. Rf2 Be7 22. Rc3 c5 23. Qe3 c4 24. Bb1 f6 25. Bg6 fxe5 26. fxe5 Nc7 0-1

[Event "GER-ch U18 int"]
[Site "Deizisau"]
[Date "2005.03.21"]
[Round "5"]
[White "Ragger, Markus"]
[Black "Glicenstein, Asher"]
[Result "1/2-1/2"]
[WhiteElo "2415"]
[BlackElo "2293"]
[PlyCount "67"]
[EventDate "2005.03.18"]
[EventType "tourn"]
[EventRounds "9"]
[EventCountry "GER"]
[SourceTitle "EXT 2006"]
[Source "ChessBase"]
[SourceDate "2005.11.24"]
[SourceVersion "1"]
[SourceVersionDate "2005.11.24"]
[SourceQuality "1"]

1. e4 c5 2. c3 Nf6 3. e5 Nd5 4. Nf3 Nc6 5. Bc4 Nb6 6. Bb3 d5 7. exd6 Qxd6 8. d4 cxd4 9. 0-0 Be6 10. Na3 dxc3 11. Qe2 Bxb3 12. Nb5 Qb8 13. axb3 e5 14. Nbd4 Nxd4 15. Nxd4 f6 16. bxc3 Kf7 17. Nb5 a6 18. Be3 axb5 19. Bxb6 Rxa1 20. Rxa1 Qe8 21. Ra5 b4 22. cxb4 Qe6 23. Qc4 Qxc4 24. bxc4 Bxb4 25. Ra7 Rc8 26. Rxb7+ Ke6 27. Rxg7 Bf8 28. Ra7 Rxc4 29. g3 Be7 30. Ra8 Kf7 31. Kg2 f5 32. Ra7 Ke6 33. Ra8 Kf7 34. Ra7 1/2-1/2